Two queens of Baghdad : mother and wife of Harun al-Rashid

Bibliographic Details
Main Author: Abbott, Nabia (Author)
Format: Book
Published: London : Al Saqi Books , 1986
Subjects:

MARC

LEADER 00000cam a2200000 7i4500
001 0000007677
005 20071112093000.0
008 021119s1986
020 |a 0863561195 
090 0 0 |a DS238.A1   |b A22 
100 0 |a Abbott, Nabia ,   |e author 
245 1 0 |a Two queens of Baghdad :   |b mother and wife of Harun al-Rashid   |c Nabia Abbott 
260 2 |a London :   |b Al Saqi Books ,   |c 1986 
300 |a 277 p. ;   |c 22 cm. 
504 |a Includes index 
600 0 0 |a Khaizuran 
600 0 0 |a Zubaidah 
650 0 |a Caliph's wives   |x Biography 
650 0 |a Islam   |v Biography 
999 |a 1000007740   |b Book   |c OPEN SHELF (30 DAYS)   |e Gong Badak Campus